000 01072nam a2200313 i 4500
003 EG-GICUC
005 20260121101217.0
008 251113s1968 fr d|||f |||| 000 0 fre d
040 _aEG-GiCUC
_bfre
_cEG-GiCUC
_dEG-GiCUC
_eRda
041 0 _afre
082 0 4 _221
_a338.9
_bBO . T
092 0 4 _221
099 _aLaw1 13 338.9 BO . T 1968
100 1 _aBorel, Paul
_eAuteur
245 1 4 _aLes Trois Révolutions Du Développement \
_cPaul Borel.
264 _aParis :
_bÉditions Économie Et Humanisme Les Éditions Ouvrières,
_c1968.
300 _a342 page :
_billustrations, tableaux
_c 20 cm.
336 _2rda contenu
_a texte
337 _2rda medias
_aOrdinateur
338 _2 transporteur rda
_a Ressource en ligne
490 _aCollection Developpement Et Civilisations.
504 _aBibliography: pages 334-342.
546 _aTexte en français
650 1 _aFinances publiques et législation fiscale
_2qrmak
651 1 _2qrmak
856 4 0 _uhttps://fll.law.cu.edu.eg/fulltext/bks/B13-07477.pdf
905 _a70
942 _2ddc
_cBK
_e21
_n0
999 _c43033
_d43033